World greatest waterfalls - Statistics

General Stats
  • This quiz has been taken 121 times
  • The average score is 2 of 12
Answer Stats
ft per sec Answer % Correct
39,000 Victoria
87%
195,000 Niagara
83%
62,000 Iguacu
41%
42,000 Murchison
6%
33,000 Murchison
6%
410,000 Khone
4%
600,400 Boyoma
3%
35,000 Churchill
1%
160,000 Grande
1%
53,000 Maribondo
1%
100,000 Paulo Afonso
1%
97,000 Urubupunga
1%
No matching quizzes found
Score Distribution
Percent of People with Each Score
Percentile by Number Answered
Your Score History
You have not taken this quiz